000 00934nam a2200241 i 4500
001 192230
003 ES-MaACL
005 20250811104135.0
008 221122q19111928sp a | ||||o001 0 spa
080 _a7(460.27 Aranjuez)
100 1 _aFlorit y Arizcun, J. M.
_951351
245 1 0 _aAranjuez /
_ccuarenta y ocho ilustraciones, con texto de José Mª Florit.
260 _aBarcelona :
_bH. de J. Thomas,
_c[entre 1911-1928]
300 _a28 p., 48 p. de lám. ;
_c16 cm.
490 1 _aEl arte en España / bajo el patronato de la Comisaría Regia del Turismo y Cultura Artística ;
_v11
546 _aTexto en español, francés e inglés.
650 4 _aArte-
_zAranjuez.
_9175868
651 4 _aAranjuez-
_xEdificios, estructuras, etc.
_9175867
710 1 _aEspaña.
_bComisaría Regia del Turismo.
_9175864
830 1 3 _aEl arte en España
_v11
_9193591
852 4 _aES-MaACL
_jC-32215(3)
999 _c192230
_d192230